000 00722nam a2200253Ia 4500
003 OSt
005 20220925214315.0
006 a|||||r|||| 00| 0
007 ta
008 220923b |||||||| |||| 00| 0 eng d
020 _a0 7156 0117 2
037 _cGeneral Book
040 _aRTL
_cRTL
_beng
041 _2eng
_aeng
082 _aXz7, K0;M0/TD3
100 _aKaldor Nicholas
_9126133
245 0 _aEssays on ecoomic stability and growth. Ed 2.
250 _a2nd
260 _aLondon
_bDuckworth
_c1980
300 _axxxi;238p.
_ccm.
490 _aKaldor (Nicholas), Collected economic essays.1
942 _hXz7, K0;M0/TD3
_cGB
_2CC
999 _c565070
_d565070